| 000 | 00583nam a2200241Ia 4500 | ||
|---|---|---|---|
| 003 | OSt | ||
| 005 | 20140311163108.0 | ||
| 008 | 140130s9999 xx 000 0 und d | ||
| 020 | _a059090762X | ||
| 050 |
_aPZ 8.3 _b.Sl6318Bac 1993 |
||
| 100 |
_aSlater, Teddy _931364 |
||
| 245 |
_aThe wrong-way rabbit / _cTeddy Slater. |
||
| 260 |
_bScholastic, _c1993. _aNew York : |
||
| 300 |
_a25 p. : _bcol. ill. ; _c24 cm. |
||
| 440 |
_v1 _931174 |
||
| 521 | _aG2 | ||
| 526 | _c490 | ||
| 942 |
_cBK _2lcc |
||
| 999 |
_c40523 _d40523 |
||